Statistics for Saving Private Ryan Quiz

Click here to take the quiz!

General Stats

  • This quiz has been taken 346 times
  • The average score is 7 of 12

Answer Stats

HintAnswer% Correct
how many of the ryan brothers are killed in the film3
95%
how many ryan brothers are in the film4
94%
Year it was released in cinema1998
92%
wht year is it set in1944
90%
who plays CPT MillerTom Hanks
90%
What war is ity set inWW2
86%
who plays private ryanMatt Damon
80%
Who directed the filmSteven Spielberg
64%
what beach is the opening scene set onOmaha Beach
40%
how many awrds has it won56
15%
how much money did it gross$481.8 million
3%
how much did it get from video sales$44 million
1%

Score Distribution

Percentile by Number Answered

Percent of People with Each Score

Your Score History

You have not taken this quiz